Money whence it came, where it went
Salvato in:
| Autore principale: | |
|---|---|
| Natura: | Libro |
| Lingua: | inglese |
| Pubblicazione: |
Boston
Mifflin Co.
1975
|
| Tags: |
Nessun Tag, puoi essere il primo ad aggiungerne!!
|
MARC
| LEADER | 00000nam a2200000 4500 | ||
|---|---|---|---|
| 001 | c143022 | ||
| 005 | 20041019155407.9 | ||
| 041 | 0 | |a eng | |
| 044 | |a US | ||
| 245 | 1 | 0 | |a Money |b whence it came, where it went |c John Kenneth Galbraith |
| 264 | 1 | |a Boston |b Mifflin Co. |c 1975 | |
| 300 | |a 324 s. | ||
| 100 | 1 | |a Galbraith, John Kenneth | |